Statistik utama : Kedah
| Format: | Book |
|---|---|
| Published: |
Kedah :
Jabatan Perangkaan Malaysia Kedah ,
2009-
|
| Subjects: |
MARC
| LEADER | 00000cam a2200000 7i4500 | ||
|---|---|---|---|
| 001 | 0000003919 | ||
| 005 | 20111124.0 | ||
| 022 | 0 | 0 | |a 1985-9171 |
| 090 | 0 | 0 | |a 315.95112 |b SUK 2009 |
| 245 | 1 | 0 | |a Statistik utama : |b Kedah |
| 260 | 0 | 0 | |a Kedah : |b Jabatan Perangkaan Malaysia Kedah , |c 2009- |
| 300 | |a vii.83 p : |b .ill (col) ; |c 21 cm. | ||
| 500 | 0 | 0 | |a Annual |
| 650 | 0 | 0 | |a Kedah |x Statistics, Vital |x Periodicals |
| 650 | 0 | 0 | |a Kedah |x Statistics |x Periodicals |
| 850 | |a JPSM (2009) | ||
| 999 | |a 007697 |b Monograph |c Open Shelf |e Default branch | ||